Statistics for 8 League of Legends Champions/ 8 LoL Şampiyonu

Click here to take the quiz!

General Stats

  • This quiz has been taken 44 times
  • The average score is 7 of 8

Answer Stats

Answer% Correct
Skarner
100%
Brand
98%
Twisted fate
98%
Blitzcrank
93%
Cassiopeia
93%
Jax
86%
Ziggs
84%
Draven
42%

Score Distribution

Percentile by Number Answered

Percent of People with Each Score

Your Score History

You have not taken this quiz